00898nam a2200205 a 450000100060000000300080000600500170001400800410003103500190007204000270009104100080011808200260012610000200015224502840017226001020045630000320055850000340059065000280062470000400065273651BD-RJUL20211209082425.0170606s1945 enkk 000 0 eng d a(BD-RJUL)73869 aDLCcAAAdBD-RJULbeng aeng 223a657.863bCAG 19451 aCampbell, A. C.10aGood Farm Accounting :bwherein are exhibited not only the value and importance of recording all farm transactions but also those simple methods by which the busy farmer can keep the necessary books connectd with his business /cBy A.C. Campbell general ed. S. Graham Brade-Birks aLondon :bPub. by Hodder and Stoughton limited for the English universities press limited,c1945. ax, 192 p. :bill. ;c18 cm a"First printed, April, 1945." 0aAgriculturexAccounting ageneral ed.Brade-Birks, S. Graham